| 000 | 01039cam a2200313 4500 | ||
|---|---|---|---|
| 001 | WB3542-22 | ||
| 008 | 000000n1999 000 0 eng u | ||
| 035 | _a(Sirsi) u101007 | ||
| 245 | _aLondon: Europe's Big Apple | ||
| 260 | _c1999 | ||
| 490 |
_aSunday Business _v24 October 1999, 41(2) |
||
| 520 | _aReviews a recent report from Knight Frank which looks at the cost of residential property in a number of locations across the globe, and which also looks at issues such as mortgage rates, the time it takes to buy a property, and property taxes in each location. | ||
| 590 | _aWB | ||
| 650 |
_aRESIDENTIAL PROPERTY _96266 |
||
| 650 | _aPROPERTY PRICES | ||
| 650 | _aPROPERTY TAXES | ||
| 650 | _aMORTGAGES | ||
| 650 | _aRELOCATION | ||
| 650 | _aKNIGHT FRANK | ||
| 650 | _aCOST OF LIVING | ||
| 650 | _aEUROPE | ||
| 650 | _aAUSTRALASIA | ||
| 650 | _aAFRICA | ||
| 650 | _aASIA | ||
| 650 | _aUNITED STATES | ||
| 650 | _aSURVEYS | ||
| 690 | _aPROPERTY-RESIDENTIAL PROPERTY-RESIDENTIAL PROPERTY MARKET | ||
| 942 | _n0 | ||
| 999 |
_c60277 _d60277 |
||